| 000 | 01489nam a2200373 c 4500 | ||
|---|---|---|---|
| 001 | 58839 | ||
| 003 | CO-BoRNBP | ||
| 005 | 20250828161328.0 | ||
| 007 | ta | ||
| 008 | 141031s2010 m a b 000 0 s | ||
| 020 | _a9681850793 | ||
| 020 | _a9789681850791 | ||
| 040 |
_aCO-BoRNBP _bspa _erda _cCO-BoRNBP |
||
| 041 | 1 |
_aspa _heng |
|
| 082 | 0 | 4 |
_a510.0724 _bV15m _223 |
| 100 |
_aVanCleve, Janice Pratt, _d1942- , _eaut _964144 |
||
| 245 | 1 | 0 |
_aMatemáticas para niños y jóvenes : _bactividades fáciles para aprender matemáticas jugando / _cJanice VanCleave ; ilustrado por Barbara Clark ; colaboración en la traducción, Rafael García Díaz. |
| 250 | _aPrimera edición | ||
| 264 | 1 |
_aMéxico : _bLimusa, _c2002 |
|
| 300 |
_a264 páginas : _bilustraciones en blanco y negro |
||
| 336 |
_atexto _btxt _2rdacontent |
||
| 337 |
_asin mediación _bn _2rdamedia |
||
| 338 |
_avolumen _bnc _2rdacarrier |
||
| 490 | 0 | _aBiblioteca científica para niños y jóvenes. Divulgación científica | |
| 505 | 0 | _aConceptos básicos -- Medidas -- Gráficas -- Geometría | |
| 521 | 1 | _aRecomendado para un público infantil mayor de 6 años | |
| 534 | _tMath for every kid | ||
| 650 | 0 | 7 |
_aJuegos en la enseñanza de las matemáticas _xEnseñanza _2lemb _964145 |
| 650 | 0 | 7 |
_aMatemáticas recreativas _xEnseñanza _2lemb _964146 |
| 650 | 0 | 7 |
_aMatemáticas _xEnseñanza _2lemb _942559 |
| 700 |
_aClarck, Barbara _eill _964147 |
||
| 700 |
_aGarcía Díaz, Rafael _etrl _964148 |
||
| 942 |
_2ddc _cBKINF |
||
| 999 |
_c58839 _d58839 |
||